Psicologia del sesso /

সংরক্ষণ করুন:
গ্রন্থ-পঞ্জীর বিবরন
প্রধান লেখক: Schwarz, Oswald (লেখক)
অন্যান্য লেখক: Forti, Gilberto
বিন্যাস: গ্রন্থ
ভাষা:ইতালিয়
প্রকাশিত: Milano : Longanesi, 1965
মালা:I super pocket ; 16
বিষয়গুলি:
ট্যাগগুলো: ট্যাগ যুক্ত করুন
কোনো ট্যাগ নেই, প্রথমজন হিসাবে ট্যাগ করুন!

MARC

LEADER 00000nam a22000007i 4500
001 IT\ICCU\RAV\0167234
003 ItRI
005 20260115232331.0
008 911126s1965 it |||||| ||||| |||||c
040 |b ita  |c importazione bologna sebina 
041 7 |a ita  |2 ISO-639-2 
082 |a 155.3  |9 PSICOLOGIA DEL SESSO E DEI SESSI  |2 19 
100 1 |a Schwarz, Oswald  |0 IT\ICCU\RAVV\067113  |4 aut 
240 1 4 |a The Psychology of Sex  |3 IT\ICCU\RAV\0167235  |9 Schwarz, Oswald 
245 1 0 |a Psicologia del sesso /  |c di Oswald Schwarz ; traduzione di Gilberto Forti. 
260 |a Milano :  |b Longanesi,  |c 1965 
300 |a 310 p. ;  |c 18 cm 
650 7 |a Sesso  |x Psicologia 
700 1 |a Forti, Gilberto  |0 IT\ICCU\CFIV\015852 
830 2 |a I super pocket ;  |v 16  |0 IT\ICCU\RAV\0105811 
942 |2 ddc  |c BK  |n 0 
952 |0 0  |1 0  |4 0  |6 DOC_155_300000000000000_SCH  |7 0  |9 24345  |a BO  |b BO  |d 2026-01-15  |i 254  |l 0  |o DOC 155.3 SCH  |p BO254  |r 2026-01-15 23:23:31  |w 2026-01-15  |x [Sebina 5] [1 v.]  |y BK  |z 1 v. 
999 |c 20723  |d 20723